| 000 | 01154nam a2200313 i 4500 | ||
|---|---|---|---|
| 001 | 169547 | ||
| 003 | ES-MaACL | ||
| 005 | 20250827062636.0 | ||
| 008 | 081010s2008 sp |||| | spa d | ||
| 017 | _aB 32.555-2008 | ||
| 020 | _a978-84-309-4737-9 | ||
| 080 | _a347.27(460)"19/20"(094.5) | ||
| 110 | 1 |
_aEspaña _93622 |
|
| 240 | 0 | 0 | _aLeyes, etc., hipotecarias |
| 245 | 1 | 0 |
_aLegislación hipotecaria / _cedición preparada por Fernando Morillo González ; bajo la dirección de Rodrigo Bercovitz Rodríguez-Cano. |
| 250 | _a23ª ed. | ||
| 260 |
_aMadrid : _bTecnos, _c2008. |
||
| 300 |
_a842 p. ; _c17 cm. |
||
| 490 | 1 |
_aBiblioteca de textos legales ; _v9 |
|
| 500 | _aÍndice. | ||
| 500 | _aEn cub.: "Edición actualizada, septiembre de 2008" | ||
| 650 | 4 |
_aHipotecas- _zEspaña- _vLegislación. _913366 |
|
| 700 | 0 |
_aMorillo González, Fernando. _983559 |
|
| 700 | 1 |
_aBercovitz Rodríguez-Cano, Rodrigo. _927857 |
|
| 830 | 0 |
_aBiblioteca de textos legales ; _v9 _9177271 |
|
| 852 | 4 |
_aES-MaACL _jA-15265 _9176201 _bR.143966 _cDEPO1 _dOlim: L 347.27(460)"2008" ESP _dOlim: Meseton |
|
| 942 | _2udc | ||
| 999 |
_c169547 _d169547 |
||